Zgadnij tytuł książki po głównym bohaterze #1 - Statystyki

Ogólne statystyki
  • Ten quiz został rozwiązany 1 211 razy
  • Średni wynik to 7 z 12
Statystyki odpowiedzi
Główny bohater Tytuł książki % Poprawnych
Ebenezer Scrooge Opowieść wigilijna
86%
Stanisław Wokulski Lalka
83%
Adaś Niezgódka Akademia pana Kleksa
76%
Zbyszko z Bogdańca Krzyżacy
73%
Rodion Raskolnikow Zbrodnia i kara
69%
Tadeusz Zawadzki Kamienie na szaniec
64%
Zuzanna Pevensie Opowieści z Narnii
54%
Bernard Rieux Dżuma
40%
Józio Kowalski Ferdydurke
37%
Oskar "Jajogłowy" Oskar i pani Róża
35%
Adam Cisowski Szatan z siódmej klasy
35%
Artur - syn Eleonory i Stomila Tango
32%
Nie znaleziono quizów pasujących do podanych kryteriów
Rozkład punktacji
Procent ludzi z każdym wynikiem
Percentyl według liczby udzielonych odpowiedzi
Twoja historia wyników
Nie rozwiązałeś tego quizu